000 00979cam a2200337 a 4500
001 111857
003 ARRUPE
005 20160120115046.0
008 821027s1982 nyu b 001 0 eng
010 _a 82004345
020 _a0231054106 :
_c$22.50 (est.)
035 _a(OCoLC)8388062
035 _a(OCoLC)ocm08388062
035 _a(CStRLIN)NYCG82-B54550
035 _a(NNC)111857
040 _dNNC
_cArrupe
050 0 _aP99
_b.S443
082 0 _a808/.00141
_219
090 _aP99
_b.S443
100 1 _aSeung, T. K.,
_d1930-
_917041
245 1 0 _aSemiotics and thematics in hermeneutics /
_cT.K. Seung.
260 _aNew York :
_bColumbia University Press,
_c1982.
300 _axi, 242 p. ;
_c24 cm.
504 _aIncludes bibliographical references and index.
650 0 _aSemiotics.
_913027
650 0 _aHermeneutics.
_921620
650 0 _aCriticism.
_921621
650 0 _aSpeech acts (Linguistics)
_918143
942 _2lcc
_cMONOGRAPH
999 _c123973
_d123973